Resolution of financial distress : (Record no. 16210)

000 -LEADER
fixed length control field 00613cam a2200193 a 4500
020 ## - INTERNATIONAL STANDARD BOOK NUMBER
ISBN 0821349066 (pbk.)
040 ## - CATALOGING SOURCE
Transcribing agency DLC
082 00 - DEWEY DECIMAL CLASSIFICATION NUMBER
Classification number 346 WOR 2001 A089 Or.
245 00 - TITLE STATEMENT
Title Resolution of financial distress :
Remainder of title an international perspective on the design of bankruptcy laws /
260 ## - PUBLICATION, DISTRIBUTION, ETC. (IMPRINT)
Place of publication Washington, D.C. :
Name of publisher World Bank,
Year of publication c2001.
300 ## - PHYSICAL DESCRIPTION
Number of Pages xxxii, 390 p. :
Other physical details ill. ;
Dimensions 24 cm.
650 #0 - SUBJECT ADDED ENTRY--TOPICAL TERM
Topical Term Bankruptcy.
650 #0 - SUBJECT ADDED ENTRY--TOPICAL TERM
Topical Term Debtor and creditor.
700 1# - ADDED ENTRY--PERSONAL NAME
Personal name Claessens, Stijn.
700 1# - ADDED ENTRY--PERSONAL NAME
Personal name Djankov, Simeon.
700 1# - ADDED ENTRY--PERSONAL NAME
Personal name Mody, Ashoka.
856 4# - ELECTRONIC LOCATION AND ACCESS
Uniform Resource Identifier http://www.loc.gov/catdir/toc/fy02/00065484.html
942 ## - ADDED ENTRY ELEMENTS (KOHA)
Koha item type សៀវភៅភាសាអង់គ្លេស
952 ## - LOCATION AND ITEM INFORMATION (KOHA)
Withdrawn status [LOCAL, KOHA] 0
Holdings
Permanent Location Date acquired Koha item type Lost status Shelving location Barcode Current Location Full call number
Library Block A2018-01-23សៀវភៅភាសាអង់គ្លេស A089A16282Library Block A346 WOR 2001 A089 Or.
មជ្ឈមណ្ឌលឯការនៃសាកលវិទ្យាល័យភូមិន្ទកសិកម្មចំការដូង

Powered by Koha